000 04201nam a22002417a 4500
003 UA-OsUOA
005 20211006115830.0
008 211006b un ||||| |||| 00| 0 ukr d
040 _aUA-OsUOA
_bukr
_cUA-OsUOA
_dUA-OsUOA
041 _aukr
080 _a347.453.1:556(477)(043)
090 _a347.453.1:556(477)(043)
095 _a12.00.03
_bцивільне право та цивільний процес ; сімейне право ; міжнародне приватне право
100 _aМіськевич Л. Р.
245 _aОренда земельних ділянок водного фонду : цивільно-правові аспекти
_cМіськевич Любомир Романович ; наук. керівник Калаур Іван Романович
260 _aІвано-Франківськ
_c2021
300 _a20 с.
502 _6Автореферат дисертації на здобуття наукового ступеня кандидата юридичних наук
_cДВНЗ "Прикарпатський національний університет імені Василя Стефаника" навчально-науковий юридичний інститут
_d2021
520 _aДисертація присвячена комплексному дослідженню сучасних теоретичних та практичних проблем цивільно-правового регулювання договірних відносин оренди земельної ділянки водного фонду. Охарактеризовано водний об’єкт та земельну ділянку водного фонду як об’єкти цивільних правовідносин, запропоновано авторську дефініцію цієї категорії земельних ділянок. Встановлено, що тільки разом взяті вони використовуються за призначенням, що дозволяє таке природне співіснування розцінювати у площині майнового обороту як складне нерухоме майно. Розглянуто генезис законодавства, що регулює відносини використання земельних ділянок водного фонду та виокремлено його три основні етапи. Обгрунтованою цивільно-правову природу договору оренди землі у комплексі з розташованим на ній водним об’єктом та сформульовано авторське визначення цієї договірної моделі. Виявлено теоретичні та практичні проблеми укладення досліджуваного у роботі договору, його суб’єктний склад та права і обов’язки кожної сторони цього договору. Зроблено застереження, щодо необхідності усунення неузгодженосте земельного і водного законодавства. Проаналізовано істотні умови договору оренди землі у комплексі з розташованим на ній водним об’єктом через призму принципу свободи договору, запропоновано звузити коло законодавчо визначених таких умов. Розглянуто особливості виконання зобов’язань, що виникають за цим договором та специфіку відповідальності за їх порушення, виявлено їх обумовленість складним предметом цього договору, що поєднує два природні ресурси.
650 _2UDC
_a347 Цивільне право
942 _2udc
_cAR
955 _a1
999 _c571522
_d571522